=LDR 00000nam 2200000 4500 =001 INLIS000000000053038 =005 20180327100417 =035 ##$$a 0010-0318000265 =007 ta =008 180327###########################0###### =020 ##$$a 979-736-725-8 =082 ##$$a 663.64 =084 ##$$a 663.64 SRI p =100 #$$a Sri Winarsih =245 1#$$a Pembuatan dan khasiat susu kedelai /$c Sri Winarsih =250 ##$$a Cet.1 =260 ##$$a Jakarta :$b Sinar Cemerlang Abadi,$c 2010 =300 ##$$a 58 hlm : $b ilus ; $c 21 cm =650 ##$$a Susu kedelai =700 #$$a Yuni Winarti =504 ##$$a Bibliografi : hlm. 58 =990 ##$$a 65196519 =990 ##$$a 65196519 =990 ##$$a 65196519 =990 ##$$a 65196519 =990 ##$$a 65196519 =990 ##$$a 21710276 =990 ##$$a 01201806519 =990 ##$$a 01201806520 =990 ##$$a 01201806521 =990 ##$$a 01201806522 =990 ##$$a 21710277 =990 ##$$a 01201806519 =990 ##$$a 01201806520 =990 ##$$a 01201806521 =990 ##$$a 21710276 =990 ##$$a 21710278 =990 ##$$a 01201806519 =990 ##$$a 01201806520 =990 ##$$a 21710277 =990 ##$$a 21710276 =990 ##$$a 21710279 =990 ##$$a 01201806519 =990 ##$$a 21710278 =990 ##$$a 21710277 =990 ##$$a 21710276 =990 ##$$a 21710280 =990 ##$$a 21710279 =990 ##$$a 21710278 =990 ##$$a 21710277 =990 ##$$a 21710276